English for travel /
Tallennettuna:
| Päätekijä: | |
|---|---|
| Aineistotyyppi: | Sách giấy |
| Kieli: | English |
| Julkaistu: |
New York :
Oxford University Press,
1996.
|
| Aiheet: | |
| Tagit: |
Lisää tagi
Ei tageja, Lisää ensimmäinen tagi!
|
| Thư viện lưu trữ: | Thư viện Trường Đại học Đà Lạt |
|---|
| LEADER | 00734nam a2200313 4500 | ||
|---|---|---|---|
| 001 | DLU110120230 | ||
| 005 | ##20110421 | ||
| 040 | # | # | |a DLU |b vie |
| 041 | # | # | |a eng |
| 044 | # | # | |a vn |
| 082 | # | # | |a 428 |b EA-J |
| 100 | # | # | |a Eastwood, John. |
| 245 | # | # | |a English for travel / |c John Eastwood. |
| 260 | # | # | |a New York : |b Oxford University Press, |c 1996. |
| 300 | # | # | |a 61 tr. ; |c 22 cm. |
| 653 | # | # | |a English language |
| 653 | # | # | |a Textbooks for foreign speakers |
| 653 | # | # | |a Tourism English |
| 923 | # | # | |a 01/2011NN |
| 991 | # | # | |a SH |
| 992 | # | # | |a 62000 |
| 994 | # | # | |a KNN |
| 900 | # | # | |a True |
| 911 | # | # | |a Đào Thị Thu Huyền |
| 925 | # | # | |a G |
| 926 | # | # | |a A |
| 927 | # | # | |a SH |
| 980 | # | # | |a Thư viện Trường Đại học Đà Lạt |